| 000 | 01356pam a2200373 a 4500 | ||
|---|---|---|---|
| 999 |
_c29135 _d29106 |
||
| 001 | 014903244 | ||
| 003 | EG-ScBUE | ||
| 005 | 20210531152514.0 | ||
| 008 | 081218t2010 njua f b 001 0 eng d | ||
| 020 | _a9780131364899 (pbk.) | ||
| 020 | _a0131364898 (pbk.) | ||
| 040 |
_aStDuBDS _beng _erda _cStDuBDS _dUk _dEG-ScBUE |
||
| 082 | 0 | 4 |
_a025.04 _bCRO _222 |
| 100 | 1 |
_aCroft, W. Bruce, _eauthor. _936981 |
|
| 245 | 1 | 0 |
_aSearch engines : _binformation retrieval in practice / _cW. Bruce Croft, University of Massachusetts, Amherst, Donald Metzler, Yahoo! research, Trevor Strohman, Google Inc. |
| 250 | _aInternational edition. | ||
| 264 | 1 |
_aNew Jersey : _bPearson Education, Inc., _c[2010] |
|
| 264 | 4 | _cc2010. | |
| 300 |
_axxv, 524 pages : _billustrations ; _c24 cm |
||
| 336 |
_atext _2rdacontent _btxt |
||
| 337 |
_aunmediated _2rdamedia _bn |
||
| 338 |
_avolume _2rdacarrier _bnc |
||
| 500 |
_aFormerly CIP. _5Uk |
||
| 504 | _aIncludes bibliographical references and index. | ||
| 650 | 7 |
_aSearch engines. _2BUEsh |
|
| 650 | 7 |
_aInformation storage and retrieval systems. _2BUEsh |
|
| 650 | 7 |
_aInformation retrieval. _2BUEsh |
|
| 653 |
_bCOMSCI _cMay2021 |
||
| 655 |
_vReading book _934232 |
||
| 700 | 1 |
_aMetzler, Donald, _eauthor. |
|
| 700 | 1 |
_aStrohman, Trevor, _eauthor. |
|
| 942 |
_2ddc _cBB |
||